000
00312 a2200109 4500
001
ART_18161
005
20260410161658.0
008
260409a
245
1
0
_a
Las cooperativas de trabajo y el IVA
100
1
_a
Oklander, Juan
773
0
_t
Práctica profesional
_g
- Nº 149 (sep. 2011)
_w
REV542
999
_c
14864
_d
14864